Premier League XIs 2000-01 - Statistics

General Stats
  • This quiz has been taken 234 times
  • The average score is 71 of 220
Answer Stats
Position Answer % Correct
ST Thierry Henry Arsenal
91%
GK David Seaman Arsenal
89%
MF Joe Cole West Ham United
88%
DF Phil Neville Manchester United
83%
DF Tony Adams Arsenal
83%
MF Patrick Vieira Arsenal
80%
MF Ryan Giggs Manchester United
80%
DF Gary Neville Manchester United
79%
ST Les Ferdinand Tottenham Hotspur
78%
MF Roy Keane Manchester United
77%
DF Stephen Carr Tottenham Hotspur
77%
MF David Beckham Manchester United
75%
ST Michael Owen Liverpool
75%
MF Paul Scholes Manchester United
75%
DF Rio Ferdinand Leeds United
75%
MF Steven Gerrard Liverpool
75%
GK Paul Gerrard Everton
74%
MF Robert Pires Arsenal
74%
MF Fredrik Ljungberg Arsenal
72%
DF Lee Dixon Arsenal
70%
ST Alan Shearer Newcastle United
69%
MF Frank Lampard West Ham United
69%
DF Martin Keown Arsenal
69%
ST Teddy Sheringham Manchester United
69%
ST Kevin Campbell Everton
67%
DF Sol Campbell Tottenham Hotspur
67%
DF Alan Wright Aston Villa
65%
DF Jamie Carragher Liverpool
65%
MF Jermaine Wright Ipswich Town
65%
MF Ray Parlour Arsenal
65%
GK Richard Wright Ipswich Town
65%
GK David James Aston Villa
63%
GK Fabien Barthez Manchester United
63%
MF Seth Johnson Derby County
62%
ST Emile Heskey Liverpool
60%
ST Gianfranco Zola Chelsea
60%
ST Alan Smith Leeds United
59%
MF Nicky Butt Manchester United
59%
ST Jimmy Floyd Hasselbaink Chelsea
58%
ST Kevin Phillips Sunderland
58%
GK Paul Jones Southampton
57%
DF John Terry Chelsea
54%
DF Marcel Desailly Chelsea
53%
DF Wes Brown Manchester United
53%
MF Gareth Barry Aston Villa
51%
DF Sami Hyypia Liverpool
51%
GK Carlo Cudicini Chelsea
49%
GK Shay Given Newcastle United
49%
ST Dion Dublin Aston Villa
48%
ST Mark Viduka Leeds United
48%
DF Gareth Southgate Aston Villa
47%
DF Mikael Silvestre Manchester United
47%
GK Nigel Martyn Leeds United
44%
DF Nigel Winterburn West Ham United
44%
MF Ian Taylor Aston Villa
43%
DF Aaron Hughes Newcastle United
42%
MF Gary Speed Newcastle United
42%
MF Lee Bowyer Leeds United
42%
DF Sylvinho Arsenal
42%
MF Dennis Wise Chelsea
41%
MF Michael Carrick West Ham United
41%
MF Paul Ince Middlesbrough
41%
DF Garry Kelly Leeds United
40%
GK Mark Schwarzer Middlesbrough
40%
GK Sander Westerveld Liverpool
40%
MF Barry Quinn Coventry City
38%
DF Frank Leboeuf Chelsea
38%
MF Kieron Dyer Newcastle United
38%
ST Niall Quinn Sunderland
38%
MF Paul Merson Aston Villa
38%
MF Rob Lee Newcastle United
38%
DF Stephane Henchoz Liverpool
38%
MF Dietmar Hamann Liverpool
37%
DF Luke Young Tottenham Hotspur
37%
DF Ugo Ehiogu Middlesbrough
36%
DF Warren Barton Newcastle United
36%
MF Darren Anderton Tottenham Hotspur
35%
MF Gary McAllister Liverpool
35%
MF John Robinson Charlton Athletic
35%
MF Nick Barmby Liverpool
35%
ST Paulo Di Canio West Ham United
35%
DF Wayne Bridge Southampton
35%
DF Celestine Babayaro Chelsea
33%
MF Gustavo Poyet Chelsea
33%
DF Ian Harte Leeds United
33%
DF Richard Dunne Manchester City
33%
GK Thomas Sorensen Sunderland
33%
ST Craig Bellamy Coventry City
32%
DF Dean Richards Southampton
32%
ST Kevin Davies Southampton
32%
DF Mario Melchiot Chelsea
32%
MF Matt Holland Ipswich Town
32%
MF Muzzy Izzet Leicester City
32%
MF Robbie Savage Leicester City
32%
DF Danny Mills Leeds United
31%
DF Markus Babbel Liverpool
31%
MF Darren Williams Sunderland
30%
MF Gilles Grimandi Arsenal
30%
MF Lee Hendrie Aston Villa
30%
ST Paulo Wanchope Manchester City
30%
DF Paul Williams Coventry City
30%
GK Shaka Hislop West Ham United
30%
DF Stuart Pearce West Ham United
30%
ST James Beattie Southampton
28%
ST Benito Carbone Bradford City
27%
GK Mart Poom Derby County
27%
DF David Unsworth Everton
26%
DF David Weir Everton
26%
ST Marcus Stewart Ipswich Town
26%
GK Neil Sullivan Tottenham Hotspur
26%
MF Nolberto Solano Newcastle United
26%
GK Tim Flowers Leicester City
26%
ST Ashley Ward Bradford City
25%
ST Dean Windass Bradford City
25%
MF Eirik Bakke Leeds United
25%
ST Shaun Goater Manchester City
25%
MF Thomas Gravesen Everton
25%
MF David Thompson Coventry City
23%
GK Dean Kiely Charlton Athletic
23%
DF Matt Elliott Leicester City
23%
DF Michael Ball Everton
23%
GK Nicky Weaver Manchester City
23%
MF Steve Guppy Leicester City
23%
ST Ade Akinbiyi Leicester City
22%
MF Alf-Inge Haaland Manchester City
22%
MF Claus Jensen Charlton Athletic
22%
MF Olivier Dacourt Leeds United
22%
ST Sergei Rebrov Tottenham Hotspur
22%
GK Chris Kirkland Coventry City
21%
DF Dominic Matteo Leeds United
21%
GK Gary Walsh Bradford City
21%
ST Jonatan Johansson Charlton Athletic
21%
DF Michael Gray Sunderland
21%
MF Mustapha Hadji Coventry City
21%
MF Steve Stone Aston Villa
21%
MF Steve Watson Everton
21%
MF Tim Sherwood Tottenham Hotspur
21%
DF Andy O'Brien Bradford City
20%
DF Ian Nolan Bradford City
20%
MF Mark Kinsella Charlton Athletic
20%
DF Chris Powell Charlton Athletic
19%
MF Darryl Powell Derby County
19%
DF David Wetherall Bradford City
19%
ST Frederic Kanoute West Ham United
19%
DF Chris Riggott Derby County
17%
DF Gary Breen Coventry City
17%
MF Kevin Kilbane Sunderland
17%
ST Malcolm Christie Derby County
17%
DF Mark Fish Charlton Athletic
17%
MF Oyvind Leonhardsen Tottenham Hotspur
17%
DF Steve Howey Manchester City
17%
DF Chris Perry Tottenham Hotspur
16%
DF Claus Lundekvam Southampton
16%
MF Graham Stuart Charlton Athletic
16%
DF Herman Hreidarsson Ipswich Town
16%
DF Richard Rufus Charlton Athletic
16%
MF Stuart McCall Bradford City
16%
ST Dean Burton Derby County
15%
MF Don Hutchison Sunderland
15%
DF Fabian Wilnis Ipswich Town
15%
MF Gavin McCann Sunderland
15%
MF George Boateng Aston Villa
15%
ST Hamilton Ricard Middlesbrough
15%
ST James Scowcroft Ipswich Town
15%
MF Scot Gemmill Everton
15%
MF Steve Lomas West Ham United
15%
DF Colin Cooper Middlesbrough
14%
DF Emerson Thome Sunderland
14%
DF Horacio Carbonari Derby County
14%
MF Samuele Dalla Bona Chelsea
14%
MF Youssef Chippo Coventry City
14%
MF Andy Impey Leicester City
12%
DF Chris Makin Ipswich Town
12%
MF Danny Tiatto Manchester City
12%
DF Gary Rowett Leicester City
12%
DF Gerry Taggart Leicester City
12%
MF Jamie Clapham Ipswich Town
12%
DF Jason Dodd Southampton
12%
MF Jim Magilton Ipswich Town
12%
DF Julio Arca Sunderland
12%
MF Mark Pembridge Everton
12%
DF Paul Telfer Coventry City
12%
MF Rory Delap Derby County
12%
ST Alen Boksic Middlesbrough
11%
MF Hassan Kachloul Southampton
11%
DF Jody Craddock Sunderland
11%
MF Jo Tessem Southampton
11%
MF Peter Atherton Bradford City
11%
DF Richard Shaw Coventry City
11%
DF Rigobert Song West Ham United
11%
DF Alpay Aston Villa
10%
MF Christian Karembeu Middlesbrough
10%
MF Craig Burley Derby County
10%
DF Gerard Wiekens Manchester City
10%
DF John McGreal Ipswich Town
10%
MF Matthew Oakley Southampton
10%
MF Niclas Alexandersson Everton
10%
DF Robert Molenaar Bradford City
10%
DF Spencer Prior Manchester City
10%
DF Steve Vickers Middlesbrough
10%
DF Callum Davidson Leicester City
9%
DF Gianluca Festa Middlesbrough
9%
DF Igor Stimac West Ham United
9%
MF Jeff Whitley Manchester City
9%
MF Stefano Eranio Derby County
9%
MF Stephen Clemence Tottenham Hotspur
9%
DF Wayne Jacobs Bradford City
9%
DF Alain Goma Newcastle United
7%
MF Alex Nyarko Everton
7%
DF Curtis Fleming Middlesbrough
7%
MF Radostin Kishishev Charlton Athletic
7%
DF Andy Todd Charlton Athletic
6%
DF Laurent Charvet Manchester City
6%
MF Taher El Khalej Southampton
6%
MF Clarence Acuna Newcastle United
5%
DF Danny Higginbotham Derby County
4%
MF Darren Eadie Leicester City
4%
MF John Eustace Coventry City
4%
MF Paul Okon Middlesbrough
4%
MF Christian Bassedas Newcastle United
2%
No matching quizzes found
Score Distribution
Percent of People with Each Score
Percentile by Number Answered
Your Score History
You have not taken this quiz